<?xml version="1.0" encoding="UTF-8"?>
<marc:record xmlns:marc="http://www.loc.gov/MARC21/slim">
   <marc:leader>00000nam a2200000 a 4500</marc:leader>
   <marc:datafield ind1="1" ind2=" " tag="100">
      <marc:subfield code="a">Bonelli, Raphael M.</marc:subfield>
      <marc:subfield code="4">aut</marc:subfield>
      <marc:subfield code="e">Verfasser/-in</marc:subfield>
   </marc:datafield>
   <marc:datafield ind1="0" ind2="0" tag="245">
      <marc:subfield code="a">Kopflos</marc:subfield>
   </marc:datafield>
   <marc:datafield ind1="0" ind2="0" tag="245">
      <marc:subfield code="b">Warum wir den Verstand verloren haben</marc:subfield>
   </marc:datafield>
   <marc:datafield ind1=" " ind2="1" tag="264">
      <marc:subfield code="b">edition a</marc:subfield>
      <marc:subfield code="c">2026</marc:subfield>
   </marc:datafield>
   <marc:datafield ind1="1" ind2=" " tag="520">
      <marc:subfield code="a">Die Welt ist von nahezu pathologischer Irrationalität und Hysterie bestimmt. In der Politik, in den Medien und im Internet haben Gefühlsausbrüche und Schnellschussreaktionen sachliche Diskussionen abgelöst. Warum ist das so? Welche Auswirkungen hat das auf unser Leben? Und wie lässt sich das ändern? Nach seinen Spiegel-Bestsellern "Bauchgefühle", "Die Weisheit des Herzens" und "Tabu" befasst sich der Neurowissenschaftler Raphael M. Bonelli mit Bewusstsein und Kognition und zeigt, wie wir wieder bessere Entscheidungen treffen können, im Beruf, in Beziehungen und im öffentlichen Leben.</marc:subfield>
   </marc:datafield>
   <marc:datafield ind1=" " ind2=" " tag="020">
      <marc:subfield code="a">9783990018361</marc:subfield>
      <marc:subfield code="9">9783990018361</marc:subfield>
   </marc:datafield>
</marc:record>
